Romans de Voltaire (Record no. 167790)

MARC details
000 -LEADER
campo de control de longitud fija 00698nam a22001935i 4500
001 - NÚMERO DE CONTROL
campo de control 167790
003 - IDENTIFICADOR DE NÚMERO DE CONTROL
campo de control ES-MaACL
005 - FECHA Y HORA DE LA ÚLTIMA TRANSACCIÓN
campo de control 20250717063051.0
008 - DATOS DE LONGITUD FIJA--INFORMACIÓN GENERAL
campo de control de longitud fija 980311q18551898fr |||| | fre d
040 ## - FUENTE DE CATALOGACIÓN
Centro catalogador/agencia de origen AS
Lengua de catalogación spa
Centro/agencia transcriptor AS
100 0# - ENTRADA PRINCIPAL--NOMBRE DE PERSONA
Nombre de persona Voltaire,
Fechas asociadas al nombre 1694-1778
9 (RLIN) 115721
245 10 - MENCIÓN DEL TÍTULO
Título Romans de Voltaire
Resto del título : Suivis de ses contes en vers.
250 ## - MENCION DE EDICION
Mención de edición Nouvelle edition
Resto de la mención de edición : Revue avec soin sur les meilleurs textes.
260 ## - PUBLICACIÓN, DISTRIBUCIÓN, ETC.
Lugar de publicación, distribución, etc. Paris :
Nombre del editor, distribuidor, etc. Garnier Frères, Librairies,
Fecha de publicación, distribución, etc. [s.a.] (
Fabricante Imp. P.-A. Bourdier et Cie.)
300 ## - DESCRIPCIÓN FÍSICA
Extensión 572 p. ;
Dimensiones 18 cm.
596 #1 - NOTA AL PIE DE IMPRENTA
NOTA AL PIE DE IMPRENTA Garnier Fréres ejercieron la profesión entre 1855 y 1898.
852 ## - LOCALIZACIÓN
Ubicación ES-MaACL
Número de control de estantería D-3175
Nota libre -- Enc. hol.
Holdings
Estatus retirado Estado de pérdida Estado de daño No para préstamo Biblioteca de origen Biblioteca actual Ubicación en estantería Fecha de adquisición Fuente de adquisición Total de préstamos Signatura topográfica completa Código de barras Visto por última vez Precio de reemplazo Tipo de ítem Koha
        Biblioteca del Ateneo de Madrid Biblioteca del Ateneo de Madrid Sala Valle Inclán 17/01/2008     D-3175 901176030 23/02/2023 23/02/2023 Libro impreso